000 00515nam a2200157 a 4500
001 000035306
005 20200930074239.0
008 111027s1963 ag 000 0 spa d
040 _aDO-SdBNP
_bspa
_cBNPHU
082 _axxxx
_bxxxx
100 1 _aVillegas, Abelardo
_961075
245 1 0 _aPanorama de la filosofía iberoamericana actual /
_cAbelardo Villegas.
260 _aBuenos Aires, :
_bEUDEBA,
_c1963.
300 _a112 p. ;
_c18 cm.
504 _aIncluye referencias bibliográficas y notas al pie de las páginas
999 _c34797
_d34797